00691nam a2200205 a 4500008004100000020001800041050001500059100002000074245010400094250001600198260004800214300003600262490004700298490000700345650002000352650004000372650003200412700002300444700001800467200710s2018 ||||||||||||||||| || u a9781108462273 aHM 741 Noo aNooy, Wouter de10aExploratory social network analysis with Pajek cBy Wouter de Nooy; Andrej Mrvar; Vladimir Batagelj a3rd edition aCambridgebCambridge University Pressc2018 axxx, 455 pages : illustrations  aStructural analysis in the social sciences v46 0aSOCIAL NETWORKS aSOCIAL NETWOKS--MATHEMATICAL MODELS aPAJEK (ELECTRONIC RESOURCE) aBatagelj, Vladimir aMrvar, Andrej